Game of Thrones: Obscure Characters Picture Quiz - Statistics

General Stats
  • This quiz has been taken 40 times
  • The average score is 11 of 16
Answer Stats
Picture Answer % Correct
Mance Rayder
92%
Lancel Lannister
89%
Brynden Tully
86%
Barristan Selmy
84%
Syrio Forel
84%
Daario Naharis
78%
Qyburn
78%
Meryn Trant
76%
Beric Dondarrion
73%
Balon Greyjoy
70%
Qhorin Halfhand
68%
Thoros of Myr
62%
Grenn
59%
Yoren
51%
Shagga
38%
Styr
35%
No matching quizzes found
Score Distribution
Percent of People with Each Score
Percentile by Number Answered
Your Score History
You have not taken this quiz